La estrategia del caballo: y otras fábulas para trabajar en el aula

Saved in:
Bibliografiske detaljer
Hovedforfatter: Santos Guerra, Miguel Angel (Author)
Format: Bog
Sprog:spansk
Udgivet: Rosario HomoSapiens 2006
Udgivelse:1a. ed
Serier:Educación
Fag:
Tags: Tilføj Tag
Ingen Tags, Vær først til at tagge denne postø!

MARC

LEADER 00000cam a2200000 a 4500
001 UCD3365
003 CL-VaPUC
008 160603e20061000ag |||||||||||||||||spa|d
020 |a 9508085037 
020 |a 9789508085030 
082 0 4 |a 371.3  |b SAN  |2 21 
100 0 |a Santos Guerra, Miguel Angel  |e author  |9 586805 
245 1 3 |a La estrategia del caballo: y otras fábulas para trabajar en el aula 
250 |a 1a. ed 
300 |a 163 p 
942 |c BK 
945 |d 20160603 11:43:00  |a arojas 
260 |a Rosario  |b HomoSapiens  |c 2006 
650 7 |a FABULAS  |2 CL-VaPUC  |9 586806 
650 0 |a Métodos de enseñanza  |9 270413 
650 7 |a ESTRATEGIAS DE LA ENSEÑANZA  |2 CL-VaPUC  |9 339294 
583 |a last modification  |c 20160603 11:43:00  |k Rodrigo Vera 
490 0 |a Educación 
999 |c 364401  |d 364399 
952 |0 0  |1 0  |3 erb  |4 0  |6 371_300000000000000_SAN_2006  |7 0  |8 A  |9 477567  |a BIBEDU  |b BIBEDU  |i 5288908  |o 371.3 SAN 2006  |p 5288908  |r 2019-11-24  |w 2019-11-24  |y BK  |z Catalogado en:20160603  |k EDI